• 首页
  • 本馆介绍
  • 公告通知
  • 最新文献
  • 馆藏检索
  • 电子资源
  • 读者导购
  • 参考咨询
  • 我的图书馆
  • 登录
  • 详细信息显示
  • 放入我的书架
  • 预约/预借图书
  • 作者相关作品
  • 分类相关作品
  • 丛书相关作品
  • 出版社相关作品

书目信息

  • 表格格式
  • 工作单格式
  • 卡片格式
题名:
提一点建议 讲一点理论
    
 
作者: 于光远 著
分册:  
出版信息: 北京   人民出版社  1981
页数: 142页
开本: 19cm
丛书名:
单 册:
中图分类: F123.11 , F124
科图分类:
主题词: 社会主义经济-计划经济--中国 , 计划经济-社会主义经济--中国
电子资源:
ISBN:
000 00848nam0 2200253 450
001 1549968775
005 20150127135311.35
010    @dCNY0.40
091    @a4001.396
100    @a19950620d1981 emky0chiy0110 ea
101 0  @achi
102    @aCN@b110000
105    @ay z 000yy
200 1  @a提一点建议 讲一点理论@9ti yi dian jian yi jiang yi dian li lun@e关于我国社会主义计划经济工作中的几个问题@f于光远著
210    @a北京@c人民出版社@d1981
215    @a142页@d19cm
517 1  @a关于我国社会主义计划经济工作中的几个问题@9guan yu wo guo she hui zhu yi ji hua jing ji gong zuo zhong de ji ge wen ti
606 0  @a社会主义经济-计划经济@y中国
606 0  @a计划经济-社会主义经济@y中国
690    @aF123.11@v5
690    @aF124@v4
701  0 @a于光远@9yu guang yuan@f(1915~)@4著
801  0 @aCN@bTSSF@c20150127
905    @aZUCC@dF124@eJY18
    
    提一点建议 讲一点理论:关于我国社会主义计划经济工作中的几个问题/于光远著.-北京:人民出版社,1981
    142页;19cm
    
    
    ISBN :CNY0.40
    
●
相关链接 在E读中查询图书 在五车中查询图书 在当当中查询图书 在豆瓣中查询图书


正题名:提一点建议 讲一点理论     索取号:F124/JY18         预约/预借

序号 登录号 条形码 馆藏地/架位号 状态 备注
1 7838058   278380583   学院路分馆/ [索取号:F124/JY18] 在馆    
唐山师范学院图书馆 欢迎您!
大连网信软件有限公司© 版权所有